سانگین سنبارون (Record no. 11668)

MARC details
000 -LEADER
fixed length control field 00315nam a22001217a 4500
082 ## - DEWEY DECIMAL CLASSIFICATION NUMBER
Classification number ع ن ا
100 ## - MAIN ENTRY--AUTHOR NAME
Personal name عنایت بلوچ
245 ## - TITLE STATEMENT
Title سانگین سنبارون
260 ## - PUBLICATION, DISTRIBUTION, ETC. (IMPRINT)
Place of publication ؟
Name of publisher ؟
Year of publication ۲۰۱۳
300 ## - PHYSICAL DESCRIPTION
Number of Pages ۲۹۱
500 ## - GENERAL NOTE
General note Donated by Dr Assadullah Qazi V.C ISRA University , Hyderabad<br/>
942 ## - ADDED ENTRY ELEMENTS (KOHA)
Koha item type Books
Holdings
Withdrawn status Lost status Home library Current library Date acquired Cost, normal purchase price Full call number Accession Number Koha item type
    Central Library, QUEST, Nawabshah Central Library, QUEST, Nawabshah 18/12/2014 150.00 ع ن ا D1482 Books